000 01604pam a2200349 a 4500
001 2561553
003 OSt
005 20240723121911.0
008 950811s1996 ii a b 101 0 eng
010 _a 95035991
020 _a8170365104 (India : hb)
020 _a0803992769 (US : hb)
040 _aMUST LIB
_cMUST
_dMUST
043 _aaz-----
050 0 0 _aHB1046.5.A3
_bG56 1996
082 0 0 _a305.42
_220
_bGIR
245 0 0 _aGirls' schooling, women's autonomy, and fertility change in South Asia /
_cedited by Roger Jeffery and Alaka M. Basu.
260 _aNew Delhi ;
_aThousand Oaks :
_bSage Publications in association with the Book Review Literary Trust, New Delhi,
_c1996.
300 _a339 p. :
_bill. ;
_c22 cm.
500 _aPapers originally presented at a workshop held in New Delhi in April 1993.
504 _aIncludes bibliographical references (p. [323]-337) and index.
650 0 _aFertility, Human
_xSocial aspects
_zSouth Asia
_xCongresses.
_918959
650 0 _aWomen
_xEducation
_zSouth Asia
_xCongresses.
_918960
650 0 _aWomen
_zSouth Asia
_xSocial conditions
_xCongresses.
_918961
700 1 _aJeffery, Roger.
_918962
700 1 _aBasu, Alaka Malwade.
_918963
856 4 2 _3Publisher description
_uhttp://www.loc.gov/catdir/enhancements/fy0657/95035991-d.html
856 4 1 _3Table of contents only
_uhttp://www.loc.gov/catdir/enhancements/fy0657/95035991-t.html
906 _a7
_bcbc
_corignew
_d1
_eocip
_f19
_gy-gencatlg
942 _2ddc
_cO_SHELF
999 _c9275
_d9275